[Event "34ème Open International d'Avoine"]
[Site "AVOINE"]
[Date "2019.07.20"]
[Round "2.1"]
[White "Malassagne, Raphael"]
[Black "Demuth, Adrien"]
[Result "1/2-1/2"]
[WhiteElo "2252"]
[BlackElo "2502"]
[PlyCount "76"]
[EventDate "2019.??.??"]
[WhiteTeam "Cergy Pontoise Echecs"]
[BlackTeam "Nice Alekhine"]

1. Nf3 {[%emt 0:00:01]} d5 {[%emt 0:00:36]} 2. g3 {[%emt 0:00:49]} Nc6 {
[%emt 0:01:38]} 3. d4 {[%emt 0:04:16]} Bg4 {[%emt 0:00:52]} 4. Bg2 {
[%emt 0:03:23]} Qd7 {[%emt 0:00:48]} 5. h3 {[%emt 0:00:20]} Bxf3 {
[%emt 0:02:56]} 6. exf3 {[%emt 0:02:48]} h5 {[%emt 0:00:11]} 7. h4 {
[%emt 0:02:46]} e6 {[%emt 0:08:42]} 8. c3 {[%emt 0:00:00]} Nge7 {[%emt 0:04:16]
} 9. f4 {[%emt 0:06:36]} Nf5 {[%emt 0:00:58]} 10. Qd3 {[%emt 0:04:51]} O-O-O {
[%emt 0:04:52]} 11. Nd2 {[%emt 0:04:00]} Kb8 {[%emt 0:13:09]} 12. Nf3 {
[%emt 0:10:00]} f6 {[%emt 0:02:06]} 13. Be3 {[%emt 0:03:01]} Nd6 {
[%emt 0:11:05]} 14. Nd2 {[%emt 0:02:18]} Ne7 {[%emt 0:01:00]} 15. O-O-O {
[%emt 0:03:53]} Nef5 {[%emt 0:01:19]} 16. Kb1 {[%emt 0:06:28]} Qb5 {
[%emt 0:21:57]} 17. Qxb5 {[%emt 0:01:33]} Nxb5 {[%emt 0:00:10]} 18. a4 {
[%emt 0:07:09]} Nbd6 {[%emt 0:01:24]} 19. Rhe1 {[%emt 0:01:31]} Kc8 {
[%emt 0:00:00]} 20. Bf3 {[%emt 0:04:55]} g6 {[%emt 0:07:24]} 21. Kc2 {
[%emt 0:03:59]} Kd7 {[%emt 0:03:04]} 22. Bg2 {[%emt 0:01:09]} Bg7 {
[%emt 0:01:49]} 23. Bh3 {[%emt 0:05:25]} Rhe8 {[%emt 0:02:00]} 24. Re2 {
[%emt 0:02:26]} Ke7 {[%emt 0:02:00]} 25. Rde1 {[%emt 0:05:20]} Kf7 {
[%emt 0:00:44]} 26. Nb3 {[%emt 0:04:06]} b6 {[%emt 0:04:09]} 27. Nc1 {
[%emt 0:00:13]} a5 {[%emt 0:01:34]} 28. Nd3 {[%emt 0:00:00]} Ne4 {
[%emt 0:02:15]} 29. Bxf5 {[%emt 0:06:47]} exf5 {[%emt 0:10:36]} 30. f3 {
[%emt 0:00:11]} Nxg3 {[%emt 0:03:33]} 31. Rg2 Nf1 32. Bf2 {[%emt 0:00:00]} Rxe1
33. Nxe1 Re8 34. Kd3 {[%emt 0:00:07]} c5 {[%emt 0:00:02]} 35. dxc5 bxc5 36. Rg1
{[%emt 0:00:07]} c4+ 37. Kd4 Nh2 {[%emt 0:00:03]} 38. Kxd5 {[%emt 0:00:11]} Nf1
{1/2-1/2 (38) Malassagne,R (2252)-Demuth,A (2502) Avoine, France 2019 [%emt 0:
00:21]} 1/2-1/2

[Event "34ème Open International d'Avoine"]
[Site "AVOINE"]
[Date "2019.07.20"]
[Round "2.2"]
[White "Msellek, Ilyass"]
[Black "Abergel, Thal"]
[Result "1/2-1/2"]
[WhiteElo "2237"]
[BlackElo "2450"]
[PlyCount "26"]
[EventDate "2019.??.??"]
[WhiteTeam "Tremblay en France"]
[BlackTeam "Grasse Echecs"]

1. e4 {[%emt 0:00:04]} c5 {[%emt 0:00:21]} 2. Nf3 {[%emt 0:00:14]} d6 {
[%emt 0:00:00]} 3. d4 {[%emt 0:00:10]} cxd4 {[%emt 0:00:14]} 4. Nxd4 {
[%emt 0:00:01]} Nf6 {[%emt 0:00:10]} 5. Nc3 {[%emt 0:00:03]} Nc6 {
[%emt 0:00:21]} 6. h4 {[%emt 0:00:14]} Bd7 {[%emt 0:03:58]} 7. h5 {
[%emt 0:05:16]} Rc8 {[%emt 0:03:04]} 8. Be2 {[%emt 0:04:30]} a6 {[%emt 0:09:56]
} 9. Be3 {[%emt 0:13:07]} b5 {[%emt 0:00:00]} 10. a4 {[%emt 0:06:03]} b4 {
[%emt 0:19:05]} 11. Nd5 {[%emt 0:05:06]} Nb8 {[%emt 0:03:41]} 12. Nxb4 {
[%emt 0:16:07]} Nxe4 {[%emt 0:01:50]} 13. a5 {[%emt 0:00:53]} Nc5 {1/2-1/2 (13)
Msellek,I (2237)-Abergel,T (2450) Avoine, France 2019 [%emt 0:09:51]} 1/2-1/2

[Event "34ème Open International d'Avoine"]
[Site "AVOINE"]
[Date "2019.07.20"]
[Round "2.3"]
[White "Vedmediuc, Serghei"]
[Black "Samoun, Florent"]
[Result "1-0"]
[WhiteElo "2450"]
[BlackElo "2230"]
[PlyCount "73"]
[EventDate "2019.??.??"]
[WhiteTeam "Mulhouse Philidor"]
[BlackTeam "C.E. de  Bois-Colombes"]

1. e4 {[%emt 0:00:02]} e6 {[%emt 0:01:16]} 2. d4 {[%emt 0:00:06]} d5 {
[%emt 0:00:00]} 3. Nc3 {[%emt 0:00:04]} Bb4 {[%emt 0:01:22]} 4. e5 {
[%emt 0:00:14]} c5 {[%emt 0:00:20]} 5. a3 {[%emt 0:00:06]} Bxc3+ {
[%emt 0:00:21]} 6. bxc3 {[%emt 0:00:07]} Qc7 {[%emt 0:00:58]} 7. Nf3 {
[%emt 0:10:00]} Ne7 {[%emt 0:02:56]} 8. a4 {[%emt 0:02:58]} b6 {[%emt 0:09:28]}
9. Bb5+ {[%emt 0:12:16]} Bd7 {[%emt 0:00:00]} 10. O-O {[%emt 0:00:09]} a6 {
[%emt 0:06:40]} 11. Bd3 {[%emt 0:09:02]} Nbc6 {[%emt 0:09:32]} 12. Re1 {
[%emt 0:00:10]} cxd4 {[%emt 0:12:46]} 13. cxd4 {[%emt 0:00:21]} Nb4 {
[%emt 0:00:48]} 14. Ba3 {[%emt 0:02:19]} Nxd3 {[%emt 0:15:00]} 15. cxd3 {
[%emt 0:01:04]} Qd8 {[%emt 0:18:44]} 16. Qb3 {[%emt 0:14:38]} b5 {
[%emt 0:08:06]} 17. Bxe7 {[%emt 0:19:11]} Kxe7 {[%emt 0:08:59]} 18. Qb4+ {
[%emt 0:08:24]} Ke8 {[%emt 0:00:04]} 19. axb5 {[%emt 0:00:06]} Bxb5 {
[%emt 0:00:00]} 20. Nd2 {[%emt 0:00:14]} Rb8 {[%emt 0:03:45]} 21. Nb3 {
[%emt 0:02:07]} Bxd3 {[%emt 0:02:55]} 22. Qa3 {[%emt 0:02:47]} Bc4 {
[%emt 0:00:22]} 23. Nc5 {[%emt 0:08:45]} Qb6 {[%emt 0:03:15]} 24. h4 {
[%emt 0:00:32]} h5 {[%emt 0:01:08]} 25. Kh2 {[%emt 0:03:41]} Qb2 {
[%emt 0:00:33]} 26. Reb1 {[%emt 0:01:22]} Qxb1 {[%emt 0:00:19]} 27. Rxb1 {
[%emt 0:00:06]} Rxb1 {[%emt 0:00:04]} 28. Qa5 {[%emt 0:00:03]} g6 {
[%emt 0:01:03]} 29. Qc7 {[%emt 0:03:37]} Kf8 {[%emt 0:00:00]} 30. Qd8+ {
[%emt 0:00:05]} Kg7 {[%emt 0:00:06]} 31. Qe7 {[%emt 0:00:03]} Rb6 {
[%emt 0:01:04]} 32. Qf6+ {[%emt 0:00:06]} Kh7 {[%emt 0:00:21]} 33. Qxf7+ {
[%emt 0:01:19]} Kh6 {[%emt 0:00:05]} 34. Nxe6 {[%emt 0:01:05]} Rxe6 {
[%emt 0:00:00]} 35. Qxe6 {[%emt 0:00:05]} Rf8 {[%emt 0:00:11]} 36. f3 {
[%emt 0:00:43]} Kg7 {[%emt 0:00:58]} 37. Qd7+ {
1-0 (37) Vedmediuc,S (2450) -Samoun,F (2230) Avoine, France 2019 [%emt 0:00:07]
} 1-0

[Event "34ème Open International d'Avoine"]
[Site "AVOINE"]
[Date "2019.07.20"]
[Round "2.4"]
[White "Dionisi, Thomas"]
[Black "Lacroix, Romain"]
[Result "1-0"]
[WhiteElo "2405"]
[BlackElo "2226"]
[PlyCount "53"]
[EventDate "2019.??.??"]
[WhiteTeam "C.E. de  Bois-Colombes"]
[BlackTeam "C.E.I. Toulouse"]

1. e4 {[%emt 0:00:08]} d6 {[%emt 0:00:15]} 2. d4 {[%emt 0:00:17]} Nf6 {
[%emt 0:00:00]} 3. Nc3 {[%emt 0:00:05]} e5 {[%emt 0:00:24]} 4. Nf3 {
[%emt 0:00:12]} Nbd7 {[%emt 0:00:13]} 5. Bc4 {[%emt 0:00:08]} Be7 {
[%emt 0:00:27]} 6. O-O {[%emt 0:00:04]} Nb6 {[%emt 0:00:53]} 7. Bb3 {
[%emt 0:06:14]} exd4 {[%emt 0:00:00]} 8. Qxd4 {[%emt 0:01:01]} O-O {
[%emt 0:00:23]} 9. a4 {[%emt 0:18:11]} a5 {[%emt 0:00:00]} 10. Bf4 {
[%emt 0:08:43]} Bg4 {[%emt 0:04:24]} 11. Qe3 {[%emt 0:00:00]} Nh5 {
[%emt 0:03:36]} 12. h3 {[%emt 0:05:05]} Bxf3 {[%emt 0:04:57]} 13. Qxf3 {
[%emt 0:00:04]} Nxf4 {[%emt 0:00:16]} 14. Qxf4 {[%emt 0:00:02]} Bf6 {
[%emt 0:00:43]} 15. Qf3 {[%emt 0:10:04]} Qe7 {[%emt 0:15:36]} 16. Rad1 {
[%emt 0:02:53]} c6 {[%emt 0:05:40]} 17. Rfe1 {[%emt 0:04:15]} Rad8 {
[%emt 0:18:23]} 18. Nb1 {[%emt 0:00:45]} Rfe8 {[%emt 0:09:12]} 19. c3 {
[%emt 0:04:43]} d5 {[%emt 0:09:00]} 20. Nd2 {[%emt 0:02:52]} Qc5 {
[%emt 0:08:35]} 21. exd5 {[%emt 0:03:20]} cxd5 {[%emt 0:01:33]} 22. Qf5 {
[%emt 0:06:50]} Qc6 {[%emt 0:00:30]} 23. Rxe8+ {[%emt 0:02:40]} Rxe8 {
[%emt 0:00:56]} 24. Nf3 {[%emt 0:00:34]} g6 {[%emt 0:01:51]} 25. Qd3 {
[%emt 0:05:36]} Nxa4 {[%emt 0:09:34]} 26. Bxd5 {[%emt 0:00:25]} Qc7 {
[%emt 0:00:12]} 27. Qb5 {
1-0 (27) Dionisi,T (2405)-Lacroix,R (2226) Avoine, France 2019 [%emt 0:01:36]}
1-0

[Event "34ème Open International d'Avoine"]
[Site "AVOINE"]
[Date "2019.07.20"]
[Round "2.5"]
[White "Dalaud, Dorian"]
[Black "Haub, Thorsten Michael"]
[Result "0-1"]
[WhiteElo "2220"]
[BlackElo "2404"]
[PlyCount "82"]
[EventDate "2019.??.??"]
[WhiteTeam "Cercle d'Echecs de Nantes"]
[BlackTeam "L'Echiquier Dieppois"]

1. c4 {[%emt 0:00:02]} d6 {[%emt 0:00:16]} 2. g3 {[%emt 0:00:46]} g6 {
[%emt 0:00:00]} 3. Bg2 {[%emt 0:00:12]} Bg7 {[%emt 0:00:06]} 4. Nf3 {
[%emt 0:00:15]} Nf6 {[%emt 0:01:51]} 5. O-O {[%emt 0:02:30]} O-O {
[%emt 0:00:12]} 6. Nc3 {[%emt 0:02:09]} c6 {[%emt 0:03:31]} 7. d4 {
[%emt 0:00:32]} Qa5 {[%emt 0:01:24]} 8. h3 {[%emt 0:08:08]} e5 {[%emt 0:01:24]}
9. Be3 {[%emt 0:06:34]} Re8 {[%emt 0:09:43]} 10. a3 {[%emt 0:07:20]} Qa6 {
[%emt 0:07:39]} 11. Qb3 {[%emt 0:11:33]} Nbd7 {[%emt 0:06:36]} 12. Rfd1 {
[%emt 0:07:41]} Nb6 {[%emt 0:03:30]} 13. dxe5 {[%emt 0:01:26]} dxe5 {
[%emt 0:00:14]} 14. Bxb6 {[%emt 0:02:03]} Qxb6 {[%emt 0:00:00]} 15. Qxb6 {
[%emt 0:02:02]} axb6 {[%emt 0:00:06]} 16. Ng5 {[%emt 0:00:13]} Bf5 {
[%emt 0:15:40]} 17. Nge4 {[%emt 0:13:37]} Nxe4 {[%emt 0:02:46]} 18. Nxe4 {
[%emt 0:00:09]} Re7 {[%emt 0:01:40]} 19. c5 {[%emt 0:11:11]} Bxe4 {
[%emt 0:03:00]} 20. Bxe4 {[%emt 0:00:03]} bxc5 {[%emt 0:00:07]} 21. Rdc1 {
[%emt 0:01:56]} f5 {[%emt 0:01:07]} 22. Bg2 {[%emt 0:10:02]} e4 {[%emt 0:01:00]
} 23. Rxc5 {[%emt 0:00:34]} Bxb2 {[%emt 0:01:36]} 24. Ra2 {[%emt 0:00:18]} Be5
{[%emt 0:01:00]} 25. e3 {[%emt 0:00:35]} Kg7 {[%emt 0:01:56]} 26. a4 {
[%emt 0:01:06]} Bc7 {[%emt 0:03:53]} 27. Rb2 {[%emt 0:03:37]} Be5 {
[%emt 0:03:55]} 28. Ra2 {[%emt 0:00:00]} b5 {[%emt 0:00:33]} 29. f4 {
[%emt 0:08:41]} exf3 {[%emt 0:05:17]} 30. Bxf3 {[%emt 0:00:05]} Rxa4 {
[%emt 0:00:11]} 31. Rxa4 {[%emt 0:02:27]} bxa4 {[%emt 0:00:06]} 32. Ra5 {
[%emt 0:00:08]} Bxg3 {[%emt 0:00:21]} 33. Kg2 {[%emt 0:00:44]} Be1 {
[%emt 0:01:46]} 34. Rxa4 {[%emt 0:00:24]} c5 {[%emt 0:02:04]} 35. e4 {
[%emt 0:00:18]} f4 {[%emt 0:00:17]} 36. Rc4 {[%emt 0:02:23]} Re5 {
[%emt 0:00:47]} 37. Rc2 {[%emt 0:01:01]} Bb4 {[%emt 0:01:31]} 38. Kf2 {
[%emt 0:00:00]} Kf6 {[%emt 0:00:44]} 39. Kg2 {[%emt 0:00:30]} Re7 {
[%emt 0:00:20]} 40. Ra2 {[%emt 0:02:00]} Rd7 {[%emt 0:01:55]} 41. Bg4 {
[%emt 0:04:27]} Rd6 {
0-1 (41) Dalaud,D (2220)-Haub,T (2404) Avoine, France 2019 [%emt 0:03:17]} 0-1

[Event "34ème Open International d'Avoine"]
[Site "AVOINE"]
[Date "2019.07.20"]
[Round "2.6"]
[White "Travadon, Loic"]
[Black "Bournel, Antoine"]
[Result "1-0"]
[WhiteElo "2403"]
[BlackElo "2217"]
[PlyCount "81"]
[EventDate "2019.??.??"]
[WhiteTeam "Cergy Pontoise Echecs"]
[BlackTeam "L'Echiquier Châlonnais"]

1. Nf3 {[%emt 0:00:00]} d5 {[%emt 0:02:07]} 2. g3 {[%emt 0:00:05]} Bg4 {
[%emt 0:02:38]} 3. Bg2 {[%emt 0:00:05]} Nd7 {[%emt 0:00:53]} 4. h3 {
[%emt 0:00:35]} Bh5 {[%emt 0:00:22]} 5. d4 {[%emt 0:00:59]} Ngf6 {
[%emt 0:03:09]} 6. O-O {[%emt 0:01:20]} e6 {[%emt 0:00:37]} 7. c4 {
[%emt 0:00:05]} c6 {[%emt 0:01:03]} 8. cxd5 {[%emt 0:00:16]} exd5 {
[%emt 0:06:49]} 9. Nh4 {[%emt 0:09:03]} Bg6 {[%emt 0:00:07]} 10. Nc3 {
[%emt 0:04:49]} Bd6 {[%emt 0:15:59]} 11. f4 {[%emt 0:00:00]} O-O {
[%emt 0:12:05]} 12. g4 {[%emt 0:02:56]} Ne4 {[%emt 0:07:37]} 13. Nxg6 {
[%emt 0:05:12]} Nxc3 {[%emt 0:01:02]} 14. bxc3 {[%emt 0:00:03]} hxg6 {
[%emt 0:06:15]} 15. c4 {[%emt 0:02:45]} dxc4 {[%emt 0:00:36]} 16. e4 {
[%emt 0:00:00]} Nb6 {[%emt 0:10:46]} 17. Be3 {[%emt 0:06:13]} Ba3 {
[%emt 0:09:52]} 18. Qc2 {[%emt 0:00:47]} Qe7 {[%emt 0:01:23]} 19. f5 {
[%emt 0:04:42]} gxf5 {[%emt 0:04:39]} 20. gxf5 {[%emt 0:00:10]} f6 {
[%emt 0:02:25]} 21. Rae1 {[%emt 0:02:00]} Bd6 {[%emt 0:02:10]} 22. Kh1 {
[%emt 0:01:38]} Rfe8 {[%emt 0:07:32]} 23. Rg1 {[%emt 0:01:34]} c5 {
[%emt 0:01:15]} 24. e5 {[%emt 0:02:23]} fxe5 {[%emt 0:00:00]} 25. f6 {
[%emt 0:00:08]} Qc7 {[%emt 0:03:29]} 26. dxc5 {[%emt 0:01:54]} Bxc5 {
[%emt 0:00:31]} 27. Bxc5 {[%emt 0:00:05]} Qxc5 {[%emt 0:01:43]} 28. Bxb7 {
[%emt 0:00:07]} e4 {[%emt 0:01:10]} 29. Rxg7+ {[%emt 0:00:09]} Kf8 {
[%emt 0:00:00]} 30. Qg2 {[%emt 0:00:23]} Qh5 {[%emt 0:00:40]} 31. Bxa8 {
[%emt 0:00:36]} Rxa8 {[%emt 0:00:27]} 32. Rg8+ {[%emt 0:00:07]} Kf7 {
[%emt 0:00:05]} 33. Qg7+ {[%emt 0:00:04]} Ke6 {[%emt 0:00:06]} 34. Qe7+ {
[%emt 0:00:03]} Kd5 {[%emt 0:00:00]} 35. Qxe4+ {[%emt 0:00:09]} Kc5 {
[%emt 0:00:19]} 36. Qe3+ {[%emt 0:01:02]} Kb4 {[%emt 0:00:15]} 37. Rb1+ {
[%emt 0:00:30]} Ka4 {[%emt 0:00:06]} 38. Rxa8 {[%emt 0:01:30]} Qd5+ {
[%emt 0:00:11]} 39. Kg1 {[%emt 0:00:09]} Qxa8 {[%emt 0:00:00]} 40. f7 {
[%emt 0:00:18]} Nd7 {[%emt 0:01:39]} 41. Qd2 {
1-0 (41) Travadon,L (2403)-Bournel,A (2217) Avoine, France 2019 [%emt 0:01:11]}
1-0

[Event "34ème Open International d'Avoine"]
[Site "AVOINE"]
[Date "2019.07.21"]
[Round "2.7"]
[White "Besson, Bastien"]
[Black "Ollier, Pablo"]
[Result "0-1"]
[WhiteElo "2204"]
[BlackElo "2381"]
[PlyCount "64"]
[EventDate "2019.??.??"]

1. e4 e5 2. Nf3 Nc6 3. d4 exd4 4. Bc4 Nf6 5. e5 Ng4 6. O-O d6 7. exd6 Bxd6 8.
Re1+ Kf8 9. Nbd2 Nge5 10. Nxe5 Nxe5 11. Bb3 Qh4 12. Nf3 Nxf3+ 13. Qxf3 Qxh2+
14. Kf1 f5 15. Bf4 Bxf4 16. Qd5 Qh1+ 17. Ke2 Qh5+ 18. Kd3 Bd6 19. Rh1 Qg6 20.
Rxh7 f4+ 21. Kd2 Rxh7 22. Qg8+ Ke7 23. Re1+ Kf6 24. Qd8+ Kf5 25. Bd5 Bb4+ 26.
c3 dxc3+ 27. Kc2 Kg4+ 28. Be4 Bf5 29. f3+ Kg3 30. Qxa8 cxb2 31. Rd1 Bxe4+ 32.
fxe4 Qxe4+ 0-1

[Event "34ème Open International d'Avoine"]
[Site "AVOINE"]
[Date "2019.07.20"]
[Round "2.8"]
[White "Mullon, Jean-Baptiste"]
[Black "Bouvet, Florian"]
[Result "1/2-1/2"]
[WhiteElo "2378"]
[BlackElo "2200"]
[PlyCount "73"]
[EventDate "2019.??.??"]
[WhiteTeam "Echiquier Agenais"]
[BlackTeam "Echiquier Club Le Mans"]

1. e4 {[%emt 0:00:04]} e6 {[%emt 0:00:05]} 2. d4 {[%emt 0:00:33]} d5 {
[%emt 0:00:00]} 3. Nc3 {[%emt 0:00:06]} dxe4 {[%emt 0:00:04]} 4. Nxe4 {
[%emt 0:00:07]} Nd7 {[%emt 0:00:04]} 5. Nf3 {[%emt 0:01:48]} Ngf6 {
[%emt 0:00:32]} 6. Bd3 {[%emt 0:00:51]} b6 {[%emt 0:01:15]} 7. c3 {
[%emt 0:10:28]} Bb7 {[%emt 0:03:06]} 8. Nxf6+ {[%emt 0:01:24]} Nxf6 {
[%emt 0:01:04]} 9. Qa4+ {[%emt 0:01:25]} Qd7 {[%emt 0:07:07]} 10. Bb5 {
[%emt 0:00:00]} c6 {[%emt 0:00:00]} 11. Be2 {[%emt 0:00:00]} Qc7 {
[%emt 0:01:13]} 12. O-O {[%emt 0:09:28]} Bd6 {[%emt 0:02:32]} 13. Bg5 {
[%emt 0:04:02]} Nd7 {[%emt 0:10:27]} 14. Rad1 {[%emt 0:04:49]} O-O {
[%emt 0:01:43]} 15. c4 {[%emt 0:00:43]} Rfe8 {[%emt 0:13:06]} 16. c5 {
[%emt 0:12:56]} bxc5 {[%emt 0:13:15]} 17. dxc5 {[%emt 0:00:05]} Bxc5 {
[%emt 0:03:07]} 18. Qh4 {[%emt 0:00:27]} Nf8 {[%emt 0:05:55]} 19. Qg4 {
[%emt 0:05:27]} Be7 {[%emt 0:10:00]} 20. Bf4 {[%emt 0:01:07]} Qa5 {
[%emt 0:04:12]} 21. h4 {[%emt 0:02:19]} Rad8 {[%emt 0:03:05]} 22. Qg3 {
[%emt 0:01:48]} Qa4 {[%emt 0:02:57]} 23. h5 {[%emt 0:00:00]} Ba6 {
[%emt 0:01:54]} 24. Rxd8 {[%emt 0:05:35]} Rxd8 {[%emt 0:00:52]} 25. Bxa6 {
[%emt 0:05:03]} Qxa6 {[%emt 0:00:04]} 26. Bh6 {[%emt 0:00:48]} Bf6 {
[%emt 0:03:06]} 27. Bxg7 {[%emt 0:00:10]} Bxg7 {[%emt 0:00:05]} 28. h6 {
[%emt 0:00:02]} Ng6 {[%emt 0:00:06]} 29. hxg7 {[%emt 0:00:04]} Qd3 {
[%emt 0:02:45]} 30. Qc7 {[%emt 0:01:30]} Qd7 {[%emt 0:00:32]} 31. Qa5 {
[%emt 0:04:12]} Kxg7 {[%emt 0:03:19]} 32. Rc1 {[%emt 0:02:47]} f6 {
[%emt 0:00:43]} 33. g3 {[%emt 0:00:00]} Ne7 {[%emt 0:01:03]} 34. Kg2 {
[%emt 0:02:30]} e5 {[%emt 0:00:11]} 35. Qb4 {[%emt 0:04:14]} Qe6 {
[%emt 0:03:35]} 36. Rh1 {[%emt 0:03:36]} Ng6 {[%emt 0:02:30]} 37. Re1 {
Mullon,J (2378)-Bouvet,F (2200) Avoine, France 2019 [%emt 0:06:59]} 1/2-1/2

[Event "34ème Open International d'Avoine"]
[Site "AVOINE"]
[Date "2019.07.20"]
[Round "2.9"]
[White "Arnaud, Aurelien"]
[Black "Colin, Vincent"]
[Result "0-1"]
[WhiteElo "2196"]
[BlackElo "2370"]
[PlyCount "92"]
[EventDate "2019.??.??"]
[WhiteTeam "L'Echiquier Châlonnais"]
[BlackTeam "Les Tours des Hauts de France - St Quentin"]

1. d4 {[%emt 0:00:06]} Nf6 {[%emt 0:00:08]} 2. c4 {[%emt 0:00:17]} g6 {
[%emt 0:00:00]} 3. Nc3 {[%emt 0:00:25]} Bg7 {[%emt 0:00:07]} 4. e4 {
[%emt 0:00:20]} d6 {[%emt 0:00:11]} 5. Be2 {[%emt 0:00:21]} O-O {[%emt 0:00:15]
} 6. Be3 {[%emt 0:00:00]} c5 {[%emt 0:02:40]} 7. d5 {[%emt 0:12:47]} e6 {
[%emt 0:01:52]} 8. Nf3 {[%emt 0:10:00]} exd5 {[%emt 0:00:00]} 9. cxd5 {
[%emt 0:00:07]} Bg4 {[%emt 0:01:00]} 10. Nd2 {[%emt 0:04:27]} Bxe2 {
[%emt 0:07:55]} 11. Qxe2 {[%emt 0:00:16]} Re8 {[%emt 0:06:04]} 12. O-O {
[%emt 0:01:40]} Na6 {[%emt 0:00:13]} 13. Bg5 {[%emt 0:13:59]} Qd7 {
[%emt 0:10:46]} 14. h3 {[%emt 0:06:37]} h6 {[%emt 0:04:46]} 15. Bh4 {
[%emt 0:01:49]} Nc7 {[%emt 0:00:44]} 16. Qf3 {[%emt 0:01:08]} Nh7 {
[%emt 0:00:56]} 17. a4 {[%emt 0:01:16]} Ng5 {[%emt 0:09:51]} 18. Qd3 {
[%emt 0:00:00]} Na6 {[%emt 0:01:08]} 19. Rae1 {[%emt 0:14:15]} Nb4 {
[%emt 0:00:48]} 20. Qb5 {[%emt 0:00:58]} Nxh3+ {[%emt 0:01:49]} 21. gxh3 {
[%emt 0:03:16]} Qxh3 {[%emt 0:00:24]} 22. Bg3 {[%emt 0:00:42]} Re5 {
[%emt 0:00:48]} 23. Qe2 {[%emt 0:00:00]} Nc2 {[%emt 0:03:57]} 24. Qf3 {
[%emt 0:03:05]} Nxe1 {[%emt 0:06:03]} 25. Rxe1 {[%emt 0:00:04]} Rg5 {
[%emt 0:00:26]} 26. Qg2 {[%emt 0:00:48]} Qd7 {[%emt 0:08:40]} 27. Nf3 {
[%emt 0:01:46]} Rh5 {[%emt 0:02:02]} 28. Nb5 {[%emt 0:02:59]} Bxb2 {
[%emt 0:05:32]} 29. Nxd6 {[%emt 0:01:00]} Qxa4 {[%emt 0:05:21]} 30. e5 {
[%emt 0:00:39]} Bc3 {[%emt 0:00:14]} 31. Rf1 {[%emt 0:02:03]} Kg7 {
[%emt 0:10:00]} 32. e6 {[%emt 0:08:20]} Rxd5 {[%emt 0:01:06]} 33. Nxf7 {
[%emt 0:00:24]} Qc6 {[%emt 0:01:26]} 34. Qh3 {[%emt 0:08:23]} Rh5 {
[%emt 0:01:58]} 35. Qg4 {[%emt 0:00:08]} Re8 {[%emt 0:00:52]} 36. Nd6 {
[%emt 0:01:57]} Rxe6 {[%emt 0:04:00]} 37. Rd1 {[%emt 0:05:09]} Re7 {
[%emt 0:03:35]} 38. Bh4 {[%emt 0:02:11]} Bf6 {[%emt 0:02:47]} 39. Bxf6+ {
[%emt 0:03:07]} Kxf6 {[%emt 0:00:02]} 40. Nc8 {[%emt 0:01:30]} Re4 {
[%emt 0:02:43]} 41. Rd6+ {[%emt 0:07:49]} Qxd6 {[%emt 0:00:00]} 42. Qxe4 {
[%emt 0:00:10]} Qd1+ {[%emt 0:04:03]} 43. Ne1 {[%emt 0:00:10]} Re5 {
[%emt 0:00:50]} 44. Qf4+ {[%emt 0:00:21]} Ke6 {[%emt 0:00:25]} 45. Qc4+ {
[%emt 0:00:26]} Kd7 {[%emt 0:00:49]} 46. Qa4+ {[%emt 0:04:41]} Qxa4 {
0-1 (46) Arnaud,A (2196)-Colin,V (2370) Avoine, France 2019 [%emt 0:00:00]} 0-1

[Event "34ème Open International d'Avoine"]
[Site "AVOINE"]
[Date "2019.07.20"]
[Round "2.10"]
[White "Stephan, Victor"]
[Black "Schmit, Vincent"]
[Result "1-0"]
[WhiteElo "2358"]
[BlackElo "2192"]
[PlyCount "60"]
[EventDate "2019.??.??"]
[WhiteTeam "C'Chartres Echecs"]
[BlackTeam "Cavalier Bleu Drancy"]

1. d4 {[%emt 0:00:03]} Nf6 {[%emt 0:00:12]} 2. c4 {[%emt 0:00:17]} g6 {
[%emt 0:00:00]} 3. Nc3 {[%emt 0:00:29]} Bg7 {[%emt 0:00:04]} 4. e4 {
[%emt 0:00:18]} d6 {[%emt 0:00:19]} 5. Nf3 {[%emt 0:00:39]} O-O {[%emt 0:00:11]
} 6. Be2 {[%emt 0:00:00]} e5 {[%emt 0:00:03]} 7. O-O {[%emt 0:00:34]} exd4 {
[%emt 0:01:29]} 8. Nxd4 {[%emt 0:00:21]} Re8 {[%emt 0:00:21]} 9. f3 {
[%emt 0:01:28]} Nc6 {[%emt 0:00:00]} 10. Be3 {[%emt 0:05:32]} Nh5 {
[%emt 0:04:20]} 11. Nc2 {[%emt 0:04:12]} f5 {[%emt 0:15:40]} 12. Qd2 {
[%emt 0:03:33]} Nf6 {[%emt 0:25:23]} 13. Bg5 {[%emt 0:06:25]} Qd7 {
[%emt 0:01:13]} 14. exf5 {[%emt 0:06:23]} Qxf5 {[%emt 0:00:00]} 15. Bd3 {
[%emt 0:01:06]} Qc5+ {[%emt 0:02:28]} 16. Kh1 {[%emt 0:03:30]} Bf5 {
[%emt 0:05:09]} 17. b4 {[%emt 0:09:06]} Nxb4 {[%emt 0:02:43]} 18. Bxf5 {
[%emt 0:01:00]} gxf5 {[%emt 0:02:01]} 19. Na4 {[%emt 0:04:31]} Qxc4 {
[%emt 0:00:00]} 20. Na3 {[%emt 0:10:29]} Qe2 {[%emt 0:06:21]} 21. Qxb4 {
[%emt 0:01:33]} Nd5 {[%emt 0:00:36]} 22. Qxb7 {[%emt 0:06:07]} Bxa1 {
[%emt 0:02:08]} 23. Qxd5+ {[%emt 0:00:12]} Kh8 {[%emt 0:06:14]} 24. Rg1 {
[%emt 0:00:55]} Qf2 {[%emt 0:15:00]} 25. Nc2 {[%emt 0:07:10]} Bg7 {
[%emt 0:00:02]} 26. Ne3 {[%emt 0:05:46]} Rab8 {[%emt 0:00:16]} 27. Nd1 {
[%emt 0:04:49]} Qc2 {[%emt 0:01:10]} 28. Nac3 {[%emt 0:01:24]} h6 {
[%emt 0:02:26]} 29. Bh4 {[%emt 0:04:46]} Bxc3 {[%emt 0:05:00]} 30. Qc4 {
[%emt 0:01:27]} d5 {
Stephan,V (2358)-Schmit,V (2192) Avoine, France 2019 [%emt 0:06:02]} 1-0

[Event "34ème Open International d'Avoine"]
[Site "AVOINE"]
[Date "2019.07.20"]
[Round "2.11"]
[White "Eden, James"]
[Black "Depoorter, Enguerran"]
[Result "1-0"]
[WhiteElo "2343"]
[BlackElo "2183"]
[PlyCount "109"]
[EventDate "2019.??.??"]
[WhiteTeam "U.S.Villejuif Echecs"]
[BlackTeam "Club d'Echecs d'Ecouen"]

1. e4 c5 2. Nf3 Nc6 3. d4 cxd4 4. Nxd4 Nf6 5. Nc3 d6 6. Bg5 a6 7. Qd2 e5 8. Nf5
Bxf5 9. exf5 Nd4 10. O-O-O Be7 11. f4 Qa5 12. Kb1 O-O 13. g4 Rfc8 14. Bg2 Rc4
15. Nd5 Qxd2 16. Nxe7+ Kf8 17. Rxd2 Kxe7 18. Bxb7 Ra7 19. Bg2 h6 20. Bh4 Kf8
21. fxe5 dxe5 22. c3 Nb5 23. h3 Re7 24. Rd8+ Re8 25. Rxe8+ Nxe8 26. Rd1 h5 27.
Bd5 Rc7 28. gxh5 Nbd6 29. f6 gxf6 30. Rg1 Nf5 31. Be1 Neg7 32. Be4 Rc4 33. Bxf5
Nxf5 34. Rg4 Rc8 35. Bd2 Ke7 36. h6 Rh8 37. Kc2 Nd6 38. Ra4 f5 39. c4 f4 40.
Bb4 Rxh6 41. Rxa6 e4 42. Rxd6 Rxd6 43. h4 f3 44. Bxd6+ Kxd6 45. Kd2 Ke5 46. Ke3
Kf5 47. h5 Kg4 48. h6 Kg3 49. h7 f2 50. h8=Q f1=Q 51. Qe5+ Kh3 52. Qxe4 Qc1+
53. Kf2 Qxb2+ 54. Qe2 Qb4 55. Qh5# 1-0